BSOP header

Self, struggle & change : (Record no. 44410)

MARC details
000 -LEADER
fixed length control field 01320cam a2200313 a 4500
001 - CONTROL NUMBER
control field 567640
005 - DATE AND TIME OF LATEST TRANSACTION
control field 20181019114033.0
008 - FIXED-LENGTH DATA ELEMENTS--GENERAL INFORMATION
fixed length control field 941025s1995 vtua b 000 0 eng
010 ## - LIBRARY OF CONGRESS CONTROL NUMBER
LC control number 94039880
020 ## - INTERNATIONAL STANDARD BOOK NUMBER
International Standard Book Number 1879045192
020 ## - INTERNATIONAL STANDARD BOOK NUMBER
International Standard Book Number 1879045664
035 ## - SYSTEM CONTROL NUMBER
System control number (OCoLC)ocm31610079
035 ## - SYSTEM CONTROL NUMBER
System control number (OCoLC)ocm31610079
040 ## - CATALOGING SOURCE
Original cataloging agency DLC
Transcribing agency DLC
Modifying agency PGC
049 ## - LOCAL HOLDINGS (OCLC)
Holding library PTSS
100 1# - MAIN ENTRY--PERSONAL NAME
Personal name Cohen, Norman J.
245 10 - TITLE STATEMENT
Title Self, struggle & change :
Remainder of title family conflict stories in Genesis and their healing insights for our lives /
Statement of responsibility, etc Norman J. Cohen.
246 3# - VARYING FORM OF TITLE
Title proper/short title Self, struggle, and change
260 ## - PUBLICATION, DISTRIBUTION, ETC. (IMPRINT)
Place of publication, distribution, etc Woodstock, Vt. :
Name of publisher, distributor, etc Jewish Lights Pub.,
Date of publication, distribution, etc c1995.
300 ## - PHYSICAL DESCRIPTION
Extent 209 p. :
Other physical details ill. ;
Dimensions 24 cm.
336 ## - CONTENT TYPE
Content Type Term text
337 ## - MEDIA TYPE
Media Type Term unmediated
338 ## - CARRIER TYPE
Carrier Type Term volume
504 ## - BIBLIOGRAPHY, ETC. NOTE
Bibliography, etc Includes bibliographical references (p. 209).
505 0# - FORMATTED CONTENTS NOTE
Formatted contents note Adam and Eve : the different sides of each of us -- Cain and Abel : the conflict between good and evil -- Ishmael and Isaac : the tensions between siblings -- Jacob and Esau : twins struggle for identity -- Leah and Rachel : seeking my sister; finding myself -- Joseph and his brothers : the two sides meet again -- The two messiahs : when different sides come together.
630 00 - SUBJECT ADDED ENTRY--UNIFORM TITLE
Uniform title Bible.
Name of part/section of a work O.T.
-- Genesis
General subdivision Meditations.
650 #0 - SUBJECT ADDED ENTRY--TOPICAL TERM
Topical term or geographic name as entry element Families
General subdivision Biblical teaching.
942 ## - ADDED ENTRY ELEMENTS (KOHA)
Source of classification or shelving scheme Library of Congress Classification
Item type Books
Holdings
Withdrawn status Lost status Source of classification or shelving scheme Damaged status Not for loan Home library Current library Shelving location Date acquired Source of acquisition Inventory number Total Checkouts Full call number Barcode Date last seen Price effective from Koha item type
    Library of Congress Classification     BSOP Library BSOP Library David Weisberg Collection 10/19/2018 Donated by Dr. David and Oprah Weisberg 43986   BS1238 C66 1995 00054986 10/19/2018 10/19/2018 Books
BSOP

Biblical Seminary of the Philippines
  All rights Reserved
  © 2024

CONTACT INFORMATION

Biblical Seminary of the Philippines,
  77-B Karuhatan Road, Valenzuela City,
  PHILIPPINES 1441
  Phone: +632 8292-6795 / 8292-6798
  Fax : +632 8292-6675
  Email: library@bsop.edu.ph